Random Ukrainian Words #1 - Statistics

General Stats
  • This quiz has been taken 166 times
    11 since last reset
  • The average score is 9 of 21
Answer Stats
Ukrainian English % Correct
Кава Coffee
80%
Папір Paper
80%
Кукурудза Maize
70%
Змія Snake
70%
Білий White
70%
Цукор Sugar
60%
Літо Summer
60%
Іграшка Toy
60%
Ліс Forest
40%
Дощ Rain
40%
Червоний Red
40%
Річка River
40%
Пшениця Wheat
40%
Кінь Horse
30%
Листопад November
30%
Швидкість Speed
30%
Вітер Wind
30%
Сіль Salt
20%
Зірка Star
20%
Пил Dust
10%
Лицар Knight
10%
No matching quizzes found
Score Distribution
Percent of People with Each Score
Percentile by Number Answered
Your Score History
You have not taken this quiz since the last reset